| 000 | 01087nam a2200325 c 4500 | ||
|---|---|---|---|
| 999 |
_c328268 _d328268 |
||
| 003 | BLK | ||
| 005 | 20240206101918.0 | ||
| 008 | 180409b bul|||||r ||||||| ||bul|| | ||
| 010 | _aKNG00125470000 | ||
| 020 | _a978-619-7280-63-0 | ||
| 040 | _aBLK | ||
| 041 |
_aBUL _cBUL |
||
| 072 | 7 |
_2bullib _aН84 _xБългарска художествена литература Н |
|
| 080 |
_aБългарска литература _b821.163.2 _x-322.4 _z821.163.2-322.4 |
||
| 139 |
_aЗавръщането на инспектор Стрезов _bЗ 16 |
||
| 245 | 1 | 0 |
_aЗавръщането на инспектор Стрезов _bНовите приключения, вдъхновени от д-р Славчев |
| 257 | _aBGR | ||
| 260 |
_bАтеа Букс _c2018 _9215836 _aСофия |
||
| 300 |
_a234 с. _c20 см |
||
| 380 | _aX | ||
| 659 | _aН | ||
| 852 |
_bП _cП 886.7-32/З 16 |
||
| 856 | 4 | _qpdf | |
| 856 | 4 | _qpdf | |
| 942 |
_cKNG _n0 _012 |
||
| 999 | _d328268 | ||
| 999 | _d328268 | ||
| 999 | _d119854 | ||
| 944 |
_k30576 _lЦветомила Тодорова |
||